Canciones de los albumes de Junior H - Estadísticas

Estadísticas generales
  • Esta prueba ha sido intentada 11 veces
  • La puntuación promedio es 72 de 135
Estadísticas de respuestas
Respuesta % Correcto
Ella
100%
EN LA PEDA
100%
LAS NOCHES
100%
MIENTRAS DUERMES
100%
MILES DE ROSAS
100%
PARIS
100%
Atrapado en un Sueño
88%
A TU NOMBRE
88%
LA CHERRY
88%
Mente Positiva
88%
MIÉNTELE
88%
MI$ LLAMADA$
88%
ROCKSTAR
88%
SERPIENTE
88%
TRES BOTELLAS
88%
Y LLORO
88%
1004 KM
75%
CHOLO
75%
COLOGNE
75%
CONTINGENTE
75%
Días Nublados
75%
DROGA LETAL
75%
Enseñame
75%
ENTRE NOSOTROS
75%
ERRORE$
75%
Extssy Model
75%
Intro
75%
Jueves 10
75%
Me Consume
75%
Mi Vida en un Cigarro
75%
No Cap
75%
NO TENGA$ MIEDO
75%
OTRO AMOR
75%
PIENSÁLO
75%
TUS BESOX
75%
VETE YA
75%
160 Gramos
63%
$ad Boyz 4 life
63%
Como Jordan
63%
Fvck
63%
La Bestia
63%
Lamento Boliviano
63%
LAST SONG
63%
La vi llorar
63%
LOKERON X AMOR
63%
M3 & M4
63%
No Me Pesa
63%
Pakas en las Rakas
63%
POLE DANCE
63%
Psicodélica
63%
Se Quedan Viendo
63%
Tal vez
63%
Te Llevaste
63%
$AD BOYZ 4 LIFE 2
50%
A los 19
50%
BABY NO
50%
Chanel
50%
Clave Ali
50%
Corazón Negro
50%
DEMENCIA
50%
Dicen
50%
Disfruto lo Malo
50%
El Blanco
50%
El de la Chevy
50%
EN DONDE E$TA$
50%
Esta Vida
50%
Hey CJ
50%
LA CAMA
50%
LA PASE
50%
La Piel Rayada
50%
Los Botones Azules
50%
Me siento
50%
Mi Cuerno
50%
MI GATA
50%
MUSICA <3
50%
Naci Para Amarte
50%
No Eh Cambiado
50%
PINK CAKE
50%
Por Dentro
50%
Se Amerita
50%
Si quieren
50%
Suena
50%
TE ALEJASTE
50%
Tengo Motivos
50%
VALLE DE $OMBRA$
50%
VENENO
50%
Volveremos
50%
Allá por Texas
38%
BOTELLA$ VACIA$
38%
Clikeando
38%
Con Un Presidente
38%
El Barbero
38%
El Chachito Anda Alegre
38%
El Cherokon
38%
El Hijo Del Señor
38%
El Nene
38%
El Velador
38%
Empresa Fly Club
38%
Hene$$y
38%
INDICE
38%
La M4
38%
La Navego al Modo
38%
Las 4 Iniciales
38%
LE LLEGO
38%
Libros y Libretas
38%
MORENA
38%
NO TE DOLIO
38%
Ojos colorados
38%
Pa Que Te duela
38%
Pause
38%
Si mañana
38%
Tingo y Tango
38%
Una Navaja
38%
Yo Voy A Amarte
38%
El AK
25%
El Choro
25%
El Pana
25%
El Pelos
25%
Las 3 Torres
25%
Mis Manos
25%
Número 7
25%
Nunca Tristes Siempre Locos
25%
Pakas en las Rakas 2
25%
Que Hay Que Hacer
25%
Que Siga La Mata Dando
25%
Rambo el Apodo
25%
Verdes Verdes
25%
Zumbando
25%
Buenos Ratos
13%
Cada vez
13%
El Guero en Placas
13%
El Padrinox
13%
En el Cora
13%
Santal 33
13%
Viejo Vaya
13%
No se encontraron pruebas coincidentes
Distribución de puntuación
Porcentaje de gente con cada puntuación
Porcentaje por número respondido
Historial de tus puntuaciones
No has intentado esta prueba.